Statistics for New York City Boroughs In Order By Population Density

Click here to take the quiz!

General Stats

  • This quiz has been taken 24 times
  • The average score is 5 of 5

Answer Stats

#BoroughDensity% Correct
1Manhattan71,341
100%
2Brooklyn36,147
95%
3The Bronx33,867
95%
4Queens20,767
89%
5Staten Island8,157
79%

Score Distribution

Percentile by Number Answered

Percent of People with Each Score

Your Score History

You have not taken this quiz